000 00579nam a2200169Ia 4500
008 220216s9999 xx 000 0 und d
100 _aTripathy A R
245 0 _aHigh temperature differential scanning calorimetry (DSC) for the determination of blend ratio in the chlorine containing elastomer blends
260 _bPapers presented at the IRMRA 18th Rubber Conference, Mumbai, January 20-21, 2000. p175-187
650 _aBlend ratio
650 _aDSC
650 _aElastomer blends
700 _aBanerji M S
700 _aPatra P K
700 _aSinha J K
942 _cJS
999 _c60410
_d60410